1768 1271 1171 1528 1540 1086 1809 1299 1649 1389 1170 1931 1829 1411 1002 1681 1048 1789 1985 1021 1440 1046 1032 1834 1878 1362 1434 1178 1243 1909 1995 1015 1541 1262 1120 1050 1392 1809 1443 1106 1866 1369 1761 1563 1136 1249 1060 1173 1069 1127 1719 1750 1275 1535 1200 1039 1108 1365 1957 1873 1399 1223 1386 1059 1832 1645 1365 1660 1952 1359 1835 1218 1808 1812 1511 1856 1806 1368 1475 1648 1616 1856 1686 1621 1710 1791 1378 1488 1592 1949 1985 1013 1883 1984 1811 1665 1923 1406 1036 BCNSPRNW ULIB Ver.6.0+V

เปลี่ยนเป็นภาษาไทย

Change to English
 แสดงรายละเอียดบรรณานุกรม
  กลับหน้าหลัก

Brief Record : Get Marc (ISO 2709) : E-mail record : QR code < ปิดหน้าต่าง
LEADER : 00000nam 2200000uu 4500
001    13399127074
003     ULIB
008    020711s2562 th a 000 0 tha d
020    ^a9786160444908
060    ^aWS103^bW-ม
100    ^aWILLIAM POTTER
245    ^aมหาสมุทร ชุด LOTS OF SPOT ตามหาสนุกกระตุกปัญญา
250    ^aพิมพ์ครั้งที่ 1
260    ^aกรุงเทพฯ :^bนานมีบุ๊คส์คิดดี้,^c2562
300    ^a48 หน้า;^b26 ซม.
650    ^aเด็ก^xการเรียนการสอน
945    ^p125^l0^i006262
999    ^aประนอม เกษจรัล
รายการนี้ยังไม่มีแท็ก
คุณยังไม่ได้ล็อกอิน คุณสามารถมีกิจกรรมร่วมกับเว็บไซต์ได้ แต่ต้องล็อกอินก่อน ::
  ล็อกอิน

รายการสื่อสารสนเทศ

ลำดับที่ ประเภท เลขเรียก/บาร์โค้ด สถานที่ สถานะ
1. วิทยาศาสตร์การแพทย์ และสุขภาพ
วิทยาศาสตร์การแพทย์ และสุขภาพ
WS103 W-ม ฉ.1 
  Barcode: 006262
ห้องสมุดวิทยาเขตสวรรค์ประชารักษ์
►หนังสือทั่วไป
บนชั้น

รายการใกล้เคียง
    ผู้แต่ง [WILLIAM POTTER]

BibComment


ยังไม่เคยถูกคอมเมนท์

คอมเมนท์ทรัพยากรรายการนี้
  คอมเมนท์: มหาสมุทร ชุด LOT..


 Copyright 2026. Bcnsprnw @Library